[Event "Chigorin Memorial 30th"]
[Site "St Petersburg"]
[Date "2023.10.23"]
[Round "3"]
[White "Melnikov, Fedor"]
[Black "Igumnov, Nikita"]
[Result "1-0"]
[WhiteElo "1969"]
[BlackElo "1505"]
[PlyCount "96"]
[EventDate "2023.10.21"]
[EventType "swiss"]
[EventRounds "9"]
[EventCountry "RUS"]
[SourceTitle "Mega2024 Update 01"]
[Source "Chessbase"]
[SourceDate "2023.11.12"]
[SourceVersion "1"]
[SourceVersionDate "2023.11.12"]
[SourceQuality "1"]

1. e4 c5 2. Nf3 e6 3. d4 cxd4 4. Nxd4 Nf6 5. Nc3 Nc6 6. Ndb5 d6 7. Bf4 e5 8. Bg5 a6 9. Na3 b5 10. Nd5 Be7 11. Bxf6 Bxf6 12. c3 Bg5 13. Nc2 Rb8 14. a4 bxa4 15. Ncb4 Nxb4 16. Nxb4 Bd7 17. Bxa6 0-0 18. 0-0 Qf6 19. Bd3 Qg6 20. Bc2 Ra8 21. Re1 Ra5 22. Nd5 Bc6 23. Nb4 Bd7 24. Ra3 Rfa8 25. Qd3 Rf8 26. Rd1 Be7 27. Nd5 Bd8 28. Rda1 f5 29. b4 Ra7 30. Qe3 Rb7 31. exf5 Bxf5 32. Bxf5 Qxf5 33. Rxa4 e4 34. c4 Bg5 35. Qe2 Rbf7 36. R4a2 Qe5 37. Ra8 Qd4 38. Rxf8+ Rxf8 39. Rd1 Rxf2 40. Rxd4 Rxe2 41. Kf1 Rd2 42. Rxd2 Bxd2 43. b5 Ba5 44. b6 Bxb6 45. Nxb6 Kf7 46. Ke2 Ke6 47. Ke3 Ke5 48. Nd7+ Ke6 1-0

[Event "St Petersburg Korchnoi Memorial op"]
[Site "St Petersburg"]
[Date "2023.08.23"]
[Round "8"]
[White "Igumnov, Nikita"]
[Black "Oorzhak, Aldar"]
[Result "0-1"]
[WhiteElo "1520"]
[BlackElo "1814"]
[PlyCount "108"]
[EventDate "2023.08.18"]
[EventType "swiss"]
[EventRounds "9"]
[EventCountry "RUS"]
[SourceTitle "EXT 2024"]
[Source "ChessBase"]
[SourceDate "2023.10.10"]
[SourceVersion "1"]
[SourceVersionDate "2023.10.10"]
[SourceQuality "1"]

1. e4 c5 2. Nf3 d6 3. d4 cxd4 4. Nxd4 Nf6 5. f3 e5 6. Nb3 d5 7. Bg5 Be6 8. Bxf6 gxf6 9. exd5 Qxd5 10. Qxd5 Bxd5 11. Nc3 Be6 12. 0-0-0 Nc6 13. Bb5 Rc8 14. Ne4 Ke7 15. Kb1 a6 16. Be2 Bh6 17. g4 Nb4 18. c3 Nd5 19. h4 Nf4 20. Bd3 Nxd3 21. Rxd3 Bc4 22. Rd6 Be2 23. Rxf6 Bf4 24. Rb6 Rc7 25. Nbd2 Rd8 26. Re1 Bd3+ 27. Ka1 Bc2 28. Nb3 Rcd7 29. a4 Rd1+ 30. Rxd1 Bxd1 31. Rxb7+ Kf8 32. Nf6 Bxf3 33. Rb4 Ke7 34. g5 h6 35. Nc5 hxg5 36. hxg5 Bxg5 37. Nfe4 Be3 38. Rb7+ Kf8 39. Rc7 Bxc5 40. Nxc5 e4 41. Nd7+ Kg7 42. Ne5 Bh5 43. Re7 Kf8 44. Nc6 Rd6 45. Rxe4 Rxc6 46. c4 Bd1 47. b4 Bxa4 48. Kb2 Re6 49. Rf4 Re3 50. c5 Ke7 51. Kc1 Bc6 52. Rh4 Re4 53. Rh6 Bb5 54. Kd2 Rxb4 0-1